banner koha

Sustentabilidade energética: o desafio da tecnologia verde (Registro n. 328483)

MARC details
000 -LÍDER
fixed length control field 01171nab a2200361 4500
003 - CÓDIGO MARC DA AGÊNCIA CATALOGADORA
Campo de controle BR-BrBNA
005 - DATA E HORA DA ÚLTIMA ATUALIZAÇÃO
Campo de controle 20241107112651.0
008 - CAMPO DE TAMANHO FIXO
fixed length control field 241107b bl.||||| |||| 00| 0 por d
040 ## - FONTE DA CATALOGAÇÃO
Agência catalogadora BR-BrBNA
Idioma da catalogação por
072 ## - CATEGORIA AGRIS
Código AGRIS P06 ; P01
100 ## - ENTRADA PRINCIPAL - NOME PESSOAL
Nome pessoal Paiva, Rachel Armani de
100 ## - ENTRADA PRINCIPAL - NOME PESSOAL
Nome pessoal Missura, Lilian Cabral
245 ## - TÍTULO PRINCIPAL
Título principal Sustentabilidade energética: o desafio da tecnologia verde
500 ## - NOTA GERAL
Nota geral 11 illus.
942 ## - ADDED ENTRY ELEMENTS (KOHA)
Koha item type Analítica
520 ## - NOTA DE RESUMO
Nota de conteúdo TECNOLOGIA VERDE
520 ## - NOTA DE RESUMO
Nota de conteúdo FONTE ALTERNATIVA DE ENERGIA
520 ## - NOTA DE RESUMO
Nota de conteúdo FONTE DE ENERGIA RENOVÁVEL
520 ## - NOTA DE RESUMO
Nota de conteúdo RECURSO ENERGÉTICO RENOVÁVEL
650 ## - ASSUNTO - THESAGRO
Cabeçalho tópico ou nome geográfico SUSTENTABILIDADE
650 ## - ASSUNTO - THESAGRO
Cabeçalho tópico ou nome geográfico RECURSO NATURAL
650 ## - ASSUNTO - THESAGRO
Cabeçalho tópico ou nome geográfico BIOCOMBUSTÍVEL
650 ## - ASSUNTO - THESAGRO
Cabeçalho tópico ou nome geográfico RECURSO ENERGÉTICO
650 ## - ASSUNTO - THESAGRO
Cabeçalho tópico ou nome geográfico ENERGIA SOLAR
650 ## - ASSUNTO - THESAGRO
Cabeçalho tópico ou nome geográfico ENERGIA EÓLICA
650 ## - ASSUNTO - THESAGRO
Cabeçalho tópico ou nome geográfico BIOMASSA
650 ## - ASSUNTO - THESAGRO
Cabeçalho tópico ou nome geográfico AGROENERGIA
650 ## - ASSUNTO - THESAGRO
Cabeçalho tópico ou nome geográfico BIODIGESTOR
650 ## - ASSUNTO - THESAGRO
Cabeçalho tópico ou nome geográfico BIOGÁS
650 ## - ASSUNTO - THESAGRO
Cabeçalho tópico ou nome geográfico PRESERVAÇÃO DA NATUREZA
773 0# - ENTRADA ANALÍTICA
Host Biblionumber 4115
Registro do item 345307
Imprenta Piracicaba-SP Centro de Estudos Avançados em Economia Aplicada-CEPEA/USP/ESALQ 2002
Outro identificador 2024-5827
Título Hortifruti Brasil (Brazil)
ISSN 1981-1837
Colação v. 6(66) p. 6-13; (Mar 2008)
Número de controle de registro BR2024003124

Nenhum exemplar disponível.

BINAGRI

Telefone: (61)3218-2567/2388/3357/2097 - binagri@agro.gov.br

Ministério da Agricultura e Pecuária , Esplanada dos Ministérios, Bloco D, Anexo B, Brasília/DF, CEP: 70.043-900